[Event "SF-2014-0-00265"]
[Site "LSS email"]
[Date "2015.01.26"]
[Round "?"]
[White "Lauer, Fredric"]
[Black "Caviglia, Maximiliano"]
[Result "1/2-1/2"]
[WhiteElo "1004"]
[BlackElo "1161"]
[PlyCount "23"]
[EventDate "2014.12.21"]
[EventType "tourn (corr)"]
[EventRounds "6"]
[EventCountry "GER"]
[SourceTitle "Corr 2015"]
[Source "ChessBase"]
[SourceDate "2015.07.17"]
[SourceVersion "1"]
[SourceVersionDate "2015.07.17"]
[SourceQuality "1"]

1. e4 d6 2. d4 g6 3. f4 a6 4. Nf3 Bg7 5. Nc3 e6 6. Bd3 Ne7 7. 0-0 0-0 8. Be3 Nd7 9. Qe1 h6 10. Qh4 b6 11. f5 Nc6 12. Qxd8 1/2-1/2

[Event "SF-2014-0-00265"]
[Site "LSS email"]
[Date "2015.01.26"]
[Round "?"]
[White "Lukin, Andrey"]
[Black "Lauer, Fredric"]
[Result "1-0"]
[WhiteElo "1208"]
[BlackElo "1004"]
[PlyCount "23"]
[EventDate "2014.12.21"]
[EventType "tourn (corr)"]
[EventRounds "6"]
[EventCountry "GER"]
[SourceTitle "Corr 2015"]
[Source "ChessBase"]
[SourceDate "2015.07.17"]
[SourceVersion "1"]
[SourceVersionDate "2015.07.17"]
[SourceQuality "1"]

1. e4 c5 2. Nf3 Nf6 3. e5 Nd5 4. c4 Nb6 5. d4 cxd4 6. Nxd4 e6 7. Nc3 Bc5 8. Ndb5 a6 9. Nd6+ Bxd6 10. Qxd6 Qe7 11. Qxe7+ Kxe7 12. Be3 1-0

[Event "RF-2014-0-00215"]
[Site "LSS email"]
[Date "2015.01.16"]
[Round "?"]
[White "Lauer, Fredric"]
[Black "Zwaneveld, Ansel"]
[Result "0-1"]
[WhiteElo "1004"]
[BlackElo "1039"]
[PlyCount "80"]
[EventDate "2014.12.09"]
[EventType "tourn (corr)"]
[EventRounds "6"]
[EventCountry "GER"]
[SourceTitle "Corr 2015"]
[Source "ChessBase"]
[SourceDate "2015.07.17"]
[SourceVersion "1"]
[SourceVersionDate "2015.07.17"]
[SourceQuality "1"]

1. e4 c6 2. Nc3 d6 3. f4 e5 4. Bc4 b5 5. Bb3 Nf6 6. fxe5 dxe5 7. Nf3 Bg4 8. Bxf7+ Ke7 9. Bb3 Qb6 10. Qe2 a6 11. d3 Kd7 12. Be3 Bc5 13. Bxc5 Qxc5 14. 0-0-0 Kc7 15. h3 Bh5 16. g4 Bg6 17. Nh4 a5 18. a3 a4 19. Ba2 b4 20. axb4 Qxb4 21. Qd2 a3 22. b3 Na6 23. Nxg6 hxg6 24. g5 Nh5 25. Rdf1 Nf4 26. Ne2 Nxe2+ 27. Qxe2 Qc3 28. Rf7+ Kd8 29. Qg4 Qd4 30. Qe6 Re8 31. Qxc6 Ra7 32. Rxa7 Qxa7 33. Qd6+ Kc8 34. Qxa3 Qb6 35. Qa4 Rf8 36. Qc4+ Kb8 37. Qd5 Rc8 38. Qxe5+ Rc7 39. Rf1 Nb4 40. Bb1 Nxd3+ 0-1

[Event "RF-2014-0-00215"]
[Site "LSS email"]
[Date "2015.01.12"]
[Round "?"]
[White "Lauer, Fredric"]
[Black "Lenz, Juergen"]
[Result "0-1"]
[WhiteElo "1004"]
[BlackElo "905"]
[PlyCount "128"]
[EventDate "2014.12.09"]
[EventType "tourn (corr)"]
[EventRounds "6"]
[EventCountry "GER"]
[SourceTitle "Corr 2015"]
[Source "ChessBase"]
[SourceDate "2015.07.17"]
[SourceVersion "1"]
[SourceVersionDate "2015.07.17"]
[SourceQuality "1"]

1. Nc3 Nf6 2. e4 d5 3. e5 Nfd7 4. d4 c5 5. f4 e6 6. Nf3 Nc6 7. Be3 a6 8. Qd2 b5 9. a3 Qb6 10. dxc5 Bxc5 11. Bxc5 Nxc5 12. Qf2 Rb8 13. Be2 0-0 14. 0-0 Bd7 15. b4 Ne4 16. Qxb6 Rxb6 17. Nxe4 dxe4 18. Ng5 Nd4 19. Bd1 Bc6 20. Re1 f5 21. c3 h6 22. cxd4 hxg5 23. g3 Bd5 24. fxg5 Rc6 25. Re3 f4 26. gxf4 Rxf4 27. Kg2 Rc4 28. Kg3 Rf5 29. Bg4 Rxg5 30. h4 Rg6 31. h5 Rh6 32. Rd1 g6 33. Kh4 gxh5 34. Bxh5 Rh7 35. Rg3+ Rg7 36. Re3 Rc2 37. Be2 Rg2 38. Re1 Rd2 39. Kh3 Rg7 40. Rd1 Rc2 41. Re1 Rgc7 42. Kg4 R7c3 43. Bf1 Rxe3 44. Rxe3 Rd2 45. Kf4 Rxd4 46. Bg2 Kf7 47. Bxe4 Bxe4 48. Rxe4 Rd3 49. Re3 Rd4+ 50. Re4 Rd1 51. Re3 Ra1 52. Ke4 Ra2 53. Kd4 Rc2 54. Rc3 Rxc3 55. Kxc3 Kg6 56. Kd4 Kf5 57. Kc5 Kxe5 58. Kb6 Kd5 59. Kxa6 Kc4 60. Ka5 e5 61. a4 bxa4 62. Kxa4 e4 63. b5 e3 64. b6 e2 0-1

[Event "RF-2014-0-00214"]
[Site "LSS email"]
[Date "2014.12.30"]
[Round "?"]
[White "Lenz, Juergen"]
[Black "Lauer, Fredric"]
[Result "1-0"]
[WhiteElo "905"]
[BlackElo "1004"]
[PlyCount "42"]
[EventDate "2014.11.30"]
[EventType "tourn (corr)"]
[EventRounds "6"]
[EventCountry "GER"]
[SourceTitle "Corr 2015"]
[Source "ChessBase"]
[SourceDate "2015.07.17"]
[SourceVersion "1"]
[SourceVersionDate "2015.07.17"]
[SourceQuality "1"]

1. d4 e6 2. Nf3 c5 3. c4 cxd4 4. Nxd4 Nc6 5. Nc3 Nf6 6. e4 Bc5 7. Nc2 Qb6 8. Qd2 Ng4 9. Nd1 Nd4 10. Nce3 Nxe3 11. fxe3 Nc6 12. Nc3 Nb4 13. Na4 Qa5 14. Nc3 Bxe3 15. Qe2 Bxc1 16. Rxc1 Nxa2 17. Rc2 Nxc3 18. Rxc3 Qa1+ 19. Kf2 0-0 20. g3 b6 21. Bg2 Bb7 1-0

[Event "OP-2014-0-03587"]
[Site "LSS email"]
[Date "2014.12.17"]
[Round "?"]
[White "Lauer, Fredric"]
[Black "Krause, Peter"]
[Result "0-1"]
[WhiteElo "1004"]
[BlackElo "2314"]
[PlyCount "64"]
[EventDate "2014.12.12"]
[EventType "tourn (corr)"]
[EventRounds "4"]
[EventCountry "GER"]
[SourceTitle "Corr 2015"]
[Source "ChessBase"]
[SourceDate "2015.07.17"]
[SourceVersion "1"]
[SourceVersionDate "2015.07.17"]
[SourceQuality "1"]

1. e4 c5 2. Nf3 d6 3. d4 cxd4 4. Qxd4 Nc6 5. Bb5 Bd7 6. Bxc6 Bxc6 7. Nc3 Nf6 8. Bg5 e6 9. 0-0-0 Be7 10. Rhe1 0-0 11. Kb1 h6 12. Bh4 Re8 13. e5 dxe5 14. Qxe5 Qb6 15. Nd4 Rac8 16. Nb3 Red8 17. Rxd8+ Rxd8 18. f3 Bd6 19. Qe2 Bxh2 20. Bxf6 gxf6 21. g3 Bg1 22. a3 Qf2 23. Rf1 Qxe2 24. Nxe2 Bb6 25. Nf4 Bb5 26. Rh1 Kh7 27. Nh5 f5 28. Nf4 e5 29. Ng2 e4 30. fxe4 fxe4 31. Nh4 e3 32. Nf5 e2 0-1

[Event "ZL-2014-0-01565"]
[Site "LSS email"]
[Date "2014.12.16"]
[Round "?"]
[White "Bozhan, Ganev"]
[Black "Lauer, Fredric"]
[Result "1-0"]
[WhiteElo "1234"]
[BlackElo "1004"]
[PlyCount "54"]
[EventDate "2014.12.08"]
[EventType "match (corr)"]
[EventRounds "2"]
[EventCountry "GER"]
[SourceTitle "Corr 2015"]
[Source "ChessBase"]
[SourceDate "2015.07.17"]
[SourceVersion "1"]
[SourceVersionDate "2015.07.17"]
[SourceQuality "1"]

1. f4 g6 2. d3 Bg7 3. Nf3 d5 4. e4 dxe4 5. dxe4 Qxd1+ 6. Kxd1 Nc6 7. Nc3 Bg4 8. Bd3 Nd4 9. Nb5 Nxb5 10. Bxb5+ c6 11. Bd3 0-0-0 12. Ke2 e5 13. fxe5 Bxe5 14. h3 Bxf3+ 15. gxf3 Ne7 16. f4 Bg7 17. h4 Rhe8 18. Kf3 Rd4 19. Be3 Rd7 20. Bc4 Rf8 21. Rad1 Rxd1 22. Rxd1 b5 23. Bb3 a5 24. Bc5 Bf6 25. e5 Bxh4 26. Kg4 Nf5 27. Bxf8 Ne3+ 1-0

[Event "ZL-2014-0-01565"]
[Site "LSS email"]
[Date "2014.12.16"]
[Round "?"]
[White "Lauer, Fredric"]
[Black "Bozhan, Ganev"]
[Result "0-1"]
[WhiteElo "1004"]
[BlackElo "1234"]
[PlyCount "100"]
[EventDate "2014.12.08"]
[EventType "match (corr)"]
[EventRounds "2"]
[EventCountry "GER"]
[SourceTitle "Corr 2015"]
[Source "ChessBase"]
[SourceDate "2015.07.17"]
[SourceVersion "1"]
[SourceVersionDate "2015.07.17"]
[SourceQuality "1"]

1. e4 e5 2. Nf3 Nc6 3. Nc3 b6 4. Bb5 Bd6 5. 0-0 Nge7 6. d4 exd4 7. Bxc6 Nxc6 8. e5 Bc5 9. Ne4 0-0 10. a3 a5 11. Bg5 Qe8 12. Bf6 d6 13. Qd2 Bf5 14. Qg5 Bg6 15. h4 dxe5 16. h5 Qe6 17. hxg6 fxg6 18. Bxe5 Rxf3 19. Nxc5 Qxe5 20. Qxe5 Nxe5 21. gxf3 bxc5 22. f4 Nc6 23. Rfe1 Kf7 24. Rad1 Rb8 25. b3 Ra8 26. Kg2 a4 27. bxa4 Rxa4 28. Ra1 h6 29. Rec1 Ne7 30. Kf3 Nd5 31. Ke4 Nc3+ 32. Ke5 Ra8 33. f5 Re8+ 34. Kf4 Ne2+ 35. Kf3 Nxc1 36. fxg6+ Kxg6 37. Rxc1 Kf5 38. c3 Ra8 39. cxd4 Rxa3+ 40. Kg2 cxd4 41. Rxc7 d3 42. Rxg7 h5 43. Rh7 Ke4 44. Rxh5 d2 45. Rh1 Rc3 46. Rd1 Kd3 47. f4 Rc1 48. Rxd2+ Kxd2 49. Kf3 Rc4 50. f5 Kd3 0-1

[Event "RF-2014-0-00212"]
[Site "LSS email"]
[Date "2014.12.14"]
[Round "?"]
[White "Lauer, Fredric"]
[Black "Raines, David T"]
[Result "1-0"]
[WhiteElo "1004"]
[BlackElo "978"]
[PlyCount "108"]
[EventDate "2014.11.15"]
[EventType "tourn (corr)"]
[EventRounds "6"]
[EventCountry "GER"]
[SourceTitle "Corr 2015"]
[Source "ChessBase"]
[SourceDate "2015.07.17"]
[SourceVersion "1"]
[SourceVersionDate "2015.07.17"]
[SourceQuality "1"]

1. c4 c5 2. Nc3 g6 3. g3 Bg7 4. Bg2 Nc6 5. Nf3 Nf6 6. 0-0 0-0 7. d4 cxd4 8. Nxd4 d6 9. Nxc6 bxc6 10. Bxc6 Bh3 11. Bg2 Qc8 12. Bxa8 Bxf1 13. Qxf1 Qxa8 14. Bg5 Qc6 15. e3 Rc8 16. Bxf6 Bxf6 17. Nd5 Qxc4 18. Nxf6+ exf6 19. Qxc4 Rxc4 20. b3 Rc2 21. a3 Kf8 22. h4 a5 23. b4 axb4 24. axb4 Rb2 25. Ra4 Kg7 26. Kg2 f5 27. Kf3 h6 28. Ra6 Rxb4 29. Rxd6 Re4 30. Rc6 Re7 31. Rd6 Re4 32. Rd7 Re6 33. Rd4 Re7 34. Kf4 Re6 35. h5 Kf6 36. hxg6 fxg6 37. Ra4 g5+ 38. Kf3 Kg6 39. g4 Rf6 40. gxf5+ Rxf5+ 41. Kg3 h5 42. Ra6+ Rf6 43. Ra5 Rf5 44. Ra6+ Rf6 45. Ra4 Rf5 46. Ra8 Rf7 47. e4 h4+ 48. Kg2 Re7 49. f3 Rf7 50. Rg8+ Kh5 51. Rh8+ Kg6 52. Ra8 Rf6 53. Ra5 Kg7 54. Rxg5+ Rg6 1-0

[Event "OP-2014-0-03582"]
[Site "LSS email"]
[Date "2014.12.11"]
[Round "?"]
[White "Lauer, Fredric"]
[Black "Courteille, Thierry"]
[Result "1-0"]
[WhiteElo "1004"]
[BlackElo "1264"]
[PlyCount "85"]
[EventDate "2014.12.06"]
[EventType "tourn (corr)"]
[EventRounds "4"]
[EventCountry "GER"]
[SourceTitle "Corr 2015"]
[Source "ChessBase"]
[SourceDate "2015.07.17"]
[SourceVersion "1"]
[SourceVersionDate "2015.07.17"]
[SourceQuality "1"]

1. b3 e5 2. Bb2 Nc6 3. e3 a6 4. c4 Nf6 5. Nc3 Bc5 6. Nge2 0-0 7. d4 exd4 8. exd4 Bb4 9. a3 Bxc3+ 10. Bxc3 Ne4 11. Qd3 Re8 12. d5 Nxc3 13. Qxc3 Ne5 14. 0-0-0 d6 15. Ng3 Qg5+ 16. Qd2 Qxd2+ 17. Rxd2 Bd7 18. Bd3 Nxd3+ 19. Rxd3 Re7 20. Rhd1 Rae8 21. R1d2 Re5 22. Kd1 f5 23. Re2 f4 24. Rxe5 Rxe5 25. Nf1 g5 26. Rd2 Bf5 27. Re2 Rxe2 28. Kxe2 g4 29. Nd2 Kf7 30. f3 h5 31. fxg4 hxg4 32. h3 f3+ 33. Kf2 fxg2 34. hxg4 g1Q+ 35. Kxg1 Bxg4 36. Kf2 Kf6 37. Ke3 Ke5 38. Kd3 Kf4 39. b4 Bf5+ 40. Kd4 Bc2 41. c5 b6 42. cxb6 cxb6 43. Nc4 1-0

[Event "RF-2014-0-00211"]
[Site "LSS email"]
[Date "2014.12.07"]
[Round "?"]
[White "Lauer, Fredric"]
[Black "Shim Ng Min, Francis"]
[Result "1/2-1/2"]
[WhiteElo "1004"]
[BlackElo "1109"]
[PlyCount "66"]
[EventDate "2014.11.04"]
[EventType "tourn (corr)"]
[EventRounds "6"]
[EventCountry "GER"]
[SourceTitle "Corr 2015"]
[Source "ChessBase"]
[SourceDate "2015.07.17"]
[SourceVersion "1"]
[SourceVersionDate "2015.07.17"]
[SourceQuality "1"]

1. e4 c5 2. Nf3 e6 3. c3 d5 4. exd5 Qxd5 5. d4 Nf6 6. Be2 Be7 7. 0-0 0-0 8. dxc5 Qxd1 9. Rxd1 Bxc5 10. Nbd2 Nc6 11. Nb3 Be7 12. Nbd4 Nxd4 13. Nxd4 e5 14. Nb3 Bf5 15. Be3 b6 16. h3 Rfd8 17. Rxd8+ Rxd8 18. Rd1 Bc2 19. Rxd8+ Bxd8 20. Bc4 Ne4 21. f3 Nd6 22. Be2 Nf5 23. Bd2 Be7 24. Nc1 Bc5+ 25. Kf1 e4 26. b4 Ng3+ 27. Ke1 Bg1 28. Bf4 Nh5 29. Bb8 e3 30. Kf1 Bf2 31. Nd3 Bxd3 32. Bxd3 Ng3+ 33. Bxg3 Bxg3 1/2-1/2

[Event "RF-2014-0-00210"]
[Site "LSS email"]
[Date "2014.12.01"]
[Round "?"]
[White "Lauer, Fredric"]
[Black "Zielaz, Tadeusz"]
[Result "0-1"]
[WhiteElo "1004"]
[BlackElo "1287"]
[PlyCount "22"]
[EventDate "2014.10.30"]
[EventType "tourn (corr)"]
[EventRounds "6"]
[EventCountry "GER"]
[SourceTitle "Corr 2015"]
[Source "ChessBase"]
[SourceDate "2015.07.17"]
[SourceVersion "1"]
[SourceVersionDate "2015.07.17"]
[SourceQuality "1"]

1. e4 e5 2. Nc3 Nf6 3. Bc4 Bc5 4. Nf3 Nc6 5. Nxe5 Nxe5 6. Bb3 Bd4 7. Ne2 Bb6 8. d4 Nxe4 9. f3 Qh4+ 10. g3 Nxf3+ 11. Kf1 Qh3# 0-1

[Event "LSS No Engine Cup 121 Preliminary 2"]
[Site "LSS email"]
[Date "2014.11.13"]
[Round "?"]
[White "Kudr, Roman"]
[Black "Lauer, Fredric"]
[Result "1-0"]
[WhiteElo "1961"]
[BlackElo "1004"]
[PlyCount "89"]
[EventDate "2014.11.14"]
[EventType "tourn (corr)"]
[EventRounds "6"]
[EventCountry "GER"]
[SourceTitle "Corr 2015"]
[Source "ChessBase"]
[SourceDate "2015.07.17"]
[SourceVersion "1"]
[SourceVersionDate "2015.07.17"]
[SourceQuality "1"]

1. e4 c5 2. Nf3 Nf6 3. Nc3 Nc6 4. d4 cxd4 5. Nxd4 e6 6. Bg5 Be7 7. Ndb5 a6 8. Nd6+ Bxd6 9. Qxd6 Qe7 10. 0-0-0 Qxd6 11. Rxd6 0-0 12. Bxf6 gxf6 13. f4 Ra7 14. Be2 b5 15. Bf3 b4 16. Ne2 Ne7 17. Rhd1 Rc7 18. Kb1 Ng6 19. g3 Re8 20. Rb6 Nf8 21. Rxb4 Ra7 22. Rb8 Rb7 23. Ra8 Kg7 24. Rd3 Rc7 25. e5 fxe5 26. fxe5 Ng6 27. Re3 Rf8 28. Nc3 Bb7 29. Bxb7 Rxb7 30. Rxa6 Rfb8 31. b3 h5 32. Rd6 h4 33. gxh4 Nxh4 34. Ne4 Nf5 35. Rf3 Nxd6 36. Nxd6 Rc7 37. Rxf7+ Kg6 38. a4 Ra7 39. Ka2 Rh8 40. Rf2 Rh5 41. Nc4 Rh4 42. Ka3 Rh3 43. Kb4 Rh8 44. a5 Rb8+ 45. Nb6 1-0

[Event "LSS No Engine Cup 121 Preliminary 2"]
[Site "LSS email"]
[Date "2014.11.13"]
[Round "?"]
[White "Van Gysel, Marc"]
[Black "Lauer, Fredric"]
[Result "1-0"]
[WhiteElo "1744"]
[BlackElo "1004"]
[PlyCount "31"]
[EventDate "2014.11.14"]
[EventType "tourn (corr)"]
[EventRounds "6"]
[EventCountry "GER"]
[SourceTitle "Corr 2015"]
[Source "ChessBase"]
[SourceDate "2015.07.17"]
[SourceVersion "1"]
[SourceVersionDate "2015.07.17"]
[SourceQuality "1"]

1. d4 e6 2. e4 d5 3. Nc3 Nf6 4. e5 Nfd7 5. f4 c5 6. Nf3 Nc6 7. Be3 cxd4 8. Nxd4 Qb6 9. Qd2 Bc5 10. Na4 Bb4 11. c3 Qa5 12. cxb4 Qxa4 13. Nc2 b5 14. Qc3 a5 15. Qxc6 Rb8 16. b3 1-0

[Event "ZL-2014-0-01547"]
[Site "LSS email"]
[Date "2014.11.12"]
[Round "?"]
[White "Lauer, Fredric"]
[Black "Lenz, Juergen"]
[Result "1-0"]
[WhiteElo "1065"]
[BlackElo "947"]
[PlyCount "97"]
[EventDate "2014.11.08"]
[EventType "match (corr)"]
[EventRounds "2"]
[EventCountry "GER"]
[SourceTitle "Corr 2015"]
[Source "ChessBase"]
[SourceDate "2015.07.17"]
[SourceVersion "1"]
[SourceVersionDate "2015.07.17"]
[SourceQuality "1"]

1. e4 c5 2. Nf3 Nc6 3. Bb5 Nd4 4. Nxd4 cxd4 5. Bc4 e6 6. d3 Qa5+ 7. Bd2 Qb6 8. Bb3 Bb4 9. Bxb4 Qxb4+ 10. Qd2 Qb6 11. Na3 Ne7 12. Nc4 Qc7 13. f4 0-0 14. 0-0 d5 15. exd5 Nxd5 16. Ne5 Ne3 17. Nc4 Nf5 18. g4 Nh6 19. h3 b5 20. Ne5 a5 21. a4 b4 22. Rae1 Bb7 23. f5 f6 24. Bxe6+ Kh8 25. Nf3 Qd6 26. Qh2 Qc6 27. Nxd4 Qc5 28. Qf2 Rad8 29. Nb3 Qc6 30. Qh2 Qxa4 31. Ra1 Qb5 32. Rxa5 Qb6+ 33. Qf2 Qc6 34. Kh2 Nf7 35. Rc5 Qd6+ 36. Qg3 Qb6 37. Qc7 Qd6+ 38. Qxd6 Nxd6 39. Rc7 Ba8 40. Na5 Nb5 41. Rc4 Rd4 42. Rxd4 Nxd4 43. c3 bxc3 44. bxc3 Nf3+ 45. Kg3 Ne5 46. d4 Nc6 47. Nxc6 Bxc6 48. d5 Ba8 49. c4 1-0

[Event "RF-2014-0-00207"]
[Site "LSS email"]
[Date "2014.11.05"]
[Round "?"]
[White "Lauer, Fredric"]
[Black "Verich, Oleg"]
[Result "1/2-1/2"]
[WhiteElo "1004"]
[BlackElo "1009"]
[PlyCount "97"]
[EventDate "2014.10.15"]
[EventType "tourn (corr)"]
[EventRounds "6"]
[EventCountry "GER"]
[SourceTitle "Corr 2015"]
[Source "ChessBase"]
[SourceDate "2015.07.17"]
[SourceVersion "1"]
[SourceVersionDate "2015.07.17"]
[SourceQuality "1"]

1. e4 d6 2. d4 g6 3. Nf3 Bg7 4. Bc4 Nf6 5. Nc3 0-0 6. 0-0 Bg4 7. h3 Bxf3 8. Qxf3 e5 9. dxe5 dxe5 10. Bg5 c6 11. Rad1 Qe7 12. Rd2 h6 13. Bxf6 Qxf6 14. Qxf6 Bxf6 15. Rfd1 b5 16. Bb3 Kg7 17. f3 Na6 18. a4 b4 19. Ne2 Rad8 20. Rxd8 Rxd8 21. Rxd8 Bxd8 22. Kf1 Nc5 23. Nc1 Bg5 24. Nd3 Nxd3 25. cxd3 Bc1 26. Ke2 Bxb2 27. Kd2 Bd4 28. g4 f6 29. Bc4 h5 30. Bb3 Kh6 31. Be6 Kg5 32. Bf7 h4 33. Ke2 f5 34. exf5 gxf5 35. Be6 fxg4 36. Bxg4 Kf4 37. Kd2 b3 38. Bh5 a5 39. Bg4 Kg3 40. Kc1 Kf4 41. Kd2 c5 42. Be6 b2 43. Kc2 Kxf3 44. Bg4+ Kf4 45. Be6 Ke3 46. Bc4 Kf4 47. Be6 Kg3 48. Bf5 Kf4 49. Be6 1/2-1/2

[Event "ZL-2014-0-01541"]
[Site "LSS email"]
[Date "2014.11.05"]
[Round "?"]
[White "Lenz, Juergen"]
[Black "Lauer, Fredric"]
[Result "0-1"]
[WhiteElo "947"]
[BlackElo "1065"]
[PlyCount "48"]
[EventDate "2014.10.29"]
[EventType "match (corr)"]
[EventRounds "2"]
[EventCountry "GER"]
[SourceTitle "Corr 2015"]
[Source "ChessBase"]
[SourceDate "2015.07.17"]
[SourceVersion "1"]
[SourceVersionDate "2015.07.17"]
[SourceQuality "1"]

1. d4 e6 2. Nf3 f5 3. Nc3 Nf6 4. Bg5 Be7 5. Bxf6 Bxf6 6. e4 fxe4 7. Nxe4 0-0 8. Bd3 d5 9. Ng3 c5 10. c3 cxd4 11. cxd4 Nc6 12. 0-0 Bd7 13. Re1 Qb6 14. Qe2 Nxd4 15. Nxd4 Qxd4 16. Rab1 Qh4 17. Bb5 Bc8 18. Qc2 g6 19. Bd3 e5 20. Bxg6 hxg6 21. Qxg6+ Kh8 22. Rbd1 Be6 23. Qh5+ Qxh5 24. Nxh5 Bg4 0-1

[Event "RF-2014-0-00207"]
[Site "LSS email"]
[Date "2014.11.04"]
[Round "?"]
[White "Barros Uriburu, Nicolas"]
[Black "Lauer, Fredric"]
[Result "1-0"]
[WhiteElo "1016"]
[BlackElo "1004"]
[PlyCount "91"]
[EventDate "2014.10.15"]
[EventType "tourn (corr)"]
[EventRounds "6"]
[EventCountry "GER"]
[SourceTitle "Corr 2015"]
[Source "ChessBase"]
[SourceDate "2015.07.17"]
[SourceVersion "1"]
[SourceVersionDate "2015.07.17"]
[SourceQuality "1"]

1. e4 e6 2. d4 d5 3. Nc3 Nf6 4. e5 Nfd7 5. f4 c5 6. Nf3 Nc6 7. Bb5 Qb6 8. a4 Nxd4 9. a5 Qc7 10. Nxd4 cxd4 11. Qxd4 Bc5 12. Qd1 0-0 13. Bd2 a6 14. Bd3 f6 15. Qh5 f5 16. g4 g6 17. Qh3 Rf7 18. gxf5 exf5 19. Nxd5 Qc6 20. c4 b5 21. b3 bxc4 22. Bxc4 Kg7 23. Rf1 Nf8 24. Rc1 Be6 25. b4 Bxd5 26. Bxd5 Qxd5 27. Rxc5 Qe4+ 28. Qe3 Qb7 29. Kf2 Ne6 30. Rc4 Rd8 31. Rfc1 Rfd7 32. Be1 Rd3 33. Qe2 Qh1 34. R1c2 Qxh2+ 35. Kf1 Qh1+ 36. Kf2 Nxf4 37. Rxf4 Qh2+ 38. Kf1 Qxf4+ 39. Kg1 Re3 40. Rc7+ Kh8 41. Qf2 Rg3+ 42. Qxg3 Qd4+ 43. Bf2 Qd1+ 44. Kh2 Qd2 45. e6 Qh6+ 46. Kg2 1-0

[Event "ZL-2014-0-01540"]
[Site "LSS email"]
[Date "2014.11.04"]
[Round "?"]
[White "Lauer, Fredric"]
[Black "Lenz, Juergen"]
[Result "0-1"]
[WhiteElo "1065"]
[BlackElo "947"]
[PlyCount "45"]
[EventDate "2014.10.23"]
[EventType "match (corr)"]
[EventRounds "2"]
[EventCountry "GER"]
[SourceTitle "Corr 2015"]
[Source "ChessBase"]
[SourceDate "2015.07.17"]
[SourceVersion "1"]
[SourceVersionDate "2015.07.17"]
[SourceQuality "1"]

1. e4 Nf6 2. e5 Nd5 3. c4 Nb6 4. d4 d6 5. f4 g6 6. Nf3 Bg7 7. Be2 0-0 8. Nc3 Bg4 9. 0-0 c5 10. d5 Bxf3 11. Rxf3 dxe5 12. fxe5 Bxe5 13. Qc2 Bd4+ 14. Kh1 N8d7 15. b3 Ne5 16. Rh3 Nbd7 17. Qd2 Nf6 18. Bb2 Neg4 19. Bxg4 Nxg4 20. Rf1 e5 21. dxe6 fxe6 22. Rxf8+ Qxf8 23. Nd1 0-1

[Event "ZN-2014-0-02842"]
[Site "LSS email"]
[Date "2014.10.27"]
[Round "?"]
[White "Bieszk, Stanislaw"]
[Black "Lauer, Fredric"]
[Result "0-1"]
[WhiteElo "850"]
[BlackElo "1065"]
[PlyCount "44"]
[EventDate "2014.10.19"]
[EventType "match (corr)"]
[EventRounds "2"]
[EventCountry "GER"]
[SourceTitle "Corr 2015"]
[Source "ChessBase"]
[SourceDate "2015.07.17"]
[SourceVersion "1"]
[SourceVersionDate "2015.07.17"]
[SourceQuality "1"]

1. c4 e5 2. d3 Nf6 3. Nf3 Nc6 4. g3 Bb4+ 5. Nc3 e4 6. Ng5 exd3 7. Qxd3 h6 8. Nge4 0-0 9. Bg2 d6 10. 0-0 Nxe4 11. Bxe4 Ne5 12. Qc2 Be6 13. b3 Qf6 14. Bb2 c6 15. f4 Nd7 16. Nd5 Bc5+ 17. Kg2 Qd8 18. Bh7+ Kh8 19. f5 Bxd5+ 20. cxd5 Kxh7 21. Bxg7 Kxg7 22. f6+ Nxf6 0-1

[Event "OP-2014-0-03540"]
[Site "LSS email"]
[Date "2014.10.27"]
[Round "?"]
[White "Lauer, Fredric"]
[Black "Firnhaber, Ingo"]
[Result "0-1"]
[WhiteElo "1004"]
[BlackElo "2414"]
[PlyCount "32"]
[EventDate "2014.10.23"]
[EventType "tourn (corr)"]
[EventRounds "4"]
[EventCountry "GER"]
[SourceTitle "Corr 2015"]
[Source "ChessBase"]
[SourceDate "2015.07.17"]
[SourceVersion "1"]
[SourceVersionDate "2015.07.17"]
[SourceQuality "1"]

1. e4 e5 2. Bc4 Nf6 3. Nc3 Nc6 4. d3 Bb4 5. Bd2 d6 6. f4 0-0 7. Nf3 exf4 8. Bxf4 d5 9. exd5 Re8+ 10. Kd2 Nxd5 11. Bxd5 Qxd5 12. Re1 Bd7 13. Rxe8+ Rxe8 14. a3 Qf5 15. Bg3 Qf6 16. axb4 Qh6+ 0-1

[Event "OP-2014-0-03540"]
[Site "LSS email"]
[Date "2014.10.27"]
[Round "?"]
[White "Smetana, Jan"]
[Black "Lauer, Fredric"]
[Result "1-0"]
[WhiteElo "1101"]
[BlackElo "1004"]
[PlyCount "97"]
[EventDate "2014.10.23"]
[EventType "tourn (corr)"]
[EventRounds "4"]
[EventCountry "GER"]
[SourceTitle "Corr 2015"]
[Source "ChessBase"]
[SourceDate "2015.07.17"]
[SourceVersion "1"]
[SourceVersionDate "2015.07.17"]
[SourceQuality "1"]

1. c4 e5 2. Nc3 Nf6 3. g3 d5 4. cxd5 Nxd5 5. Bg2 Nxc3 6. bxc3 Bd6 7. Nf3 0-0 8. 0-0 Nc6 9. a4 f5 10. Ba3 Bxa3 11. Rxa3 e4 12. Nd4 Nxd4 13. cxd4 Qxd4 14. d3 exd3 15. Rxd3 Qf6 16. Bxb7 Bxb7 17. Qb3+ Kh8 18. Qxb7 Qb6 19. Rb1 Qxb7 20. Rxb7 Rf7 21. Rxa7 Rc8 22. Rc3 h6 23. a5 g5 24. a6 Rf6 25. Rcxc7 Rxc7 26. Rxc7 Rxa6 27. Kg2 Re6 28. e3 Re4 29. Rd7 Kg8 30. Rd5 f4 31. Rd4 Re5 32. gxf4 gxf4 33. Rxf4 Kg7 34. Kg3 Kg6 35. h4 h5 36. Kf3 Ra5 37. e4 Ra3+ 38. Kg2 Rc3 39. f3 Rc2+ 40. Kg3 Re2 41. Rf5 Re1 42. Rg5+ Kh6 43. e5 Rg1+ 44. Kf4 Rh1 45. e6 Rxh4+ 46. Kf5 Rh1 47. e7 Re1 48. Rg6+ Kh7 49. Re6 1-0

[Event "LSS No Engine Cup 119 Preliminary 6"]
[Site "LSS email"]
[Date "2014.10.16"]
[Round "?"]
[White "Lauer, Fredric"]
[Black "Perez, Giorgio"]
[Result "1/2-1/2"]
[WhiteElo "1004"]
[BlackElo "1335"]
[PlyCount "105"]
[EventDate "2014.10.17"]
[EventType "tourn (corr)"]
[EventRounds "6"]
[EventCountry "GER"]
[SourceTitle "Corr 2015"]
[Source "ChessBase"]
[SourceDate "2015.07.17"]
[SourceVersion "1"]
[SourceVersionDate "2015.07.17"]
[SourceQuality "1"]

1. e4 e5 2. Nf3 Nc6 3. Bb5 a6 4. Bxc6 dxc6 5. 0-0 f6 6. d4 Bg4 7. dxe5 Qxd1 8. Rxd1 Bxf3 9. gxf3 fxe5 10. Nc3 Bd6 11. Be3 Nf6 12. Rd2 Kf7 13. Ne2 Rad8 14. Rad1 Rhe8 15. Ng3 g6 16. c4 Be7 17. Rxd8 Rxd8 18. Rxd8 Bxd8 19. Kf1 Be7 20. b3 Nd7 21. f4 Bf6 22. Ne2 b6 23. fxe5 Bxe5 24. f4 Bg7 25. Kf2 Bb2 26. e5 Ke6 27. Ng3 c5 28. Kf3 Nb8 29. Ke4 Nc6 30. h4 Nb4 31. a4 Nc2 32. h5 Na1 33. hxg6 hxg6 34. f5+ gxf5+ 35. Nxf5 Nxb3 36. Ng7+ Kf7 37. Nf5 Na5 38. Kd5 c6+ 39. Kd6 Bxe5+ 40. Kd7 Kf6 41. Ne7 Nxc4 42. Bg1 Bd4 43. Bh2 Ne5+ 44. Bxe5+ Bxe5 45. Nxc6 c4 46. Nb4 c3 47. Kc6 Bd4 48. Nc2 Bg1 49. a5 bxa5 50. Kb7 Ke5 51. Kxa6 a4 52. Kb5 Ke4 53. Kxa4 1/2-1/2